000 00670nam a2200241Ia 4500
003 BUBTL
008 151213s9999 xx 000 0 und d
041 _aEnglish
082 _a342/ B4693w/ 1984
100 _a Bhagwan, Vishnoo
_95457
245 _aWorld Constitutions/
_cVishnoo Bhagwan , Vidya Bhushan
250 _a1st
260 _aNew Delhi
_bSter Ling Publishing Private Limited
_cc1984
300 _a[ix], 79p. :
_bill. ; 22 cm.
500 _aIncludes Index.
526 _aLaw
650 _aLaw
650 _a
700 _aVishnoo Bhagwan, Vidya Bhushan
_95458
856 _k0
_l0
_yDownload
942 _2ddc
_cBK
999 _c3771
_d3771